La Iglesia Catolica en el mundo greco-romano / (Record no. 158501)

MARC details
000 -LEADER
fixed length control field 00589nam a22001817a 4500
005 - DATE AND TIME OF LATEST TRANSACTION
control field 20211027131935.0
008 - FIXED-LENGTH DATA ELEMENTS--GENERAL INFORMATION
fixed length control field 211027b ||||| |||| 00| 0 eng d
050 04 - LIBRARY OF CONGRESS CALL NUMBER
Classification number BR147.O43
Item number O46 1956
100 1# - MAIN ENTRY--PERSONAL NAME
Personal name Olmedo, Daniel
245 ## - TITLE STATEMENT
Title La Iglesia Catolica en el mundo greco-romano /
Statement of responsibility, etc Daniel Olmedo
250 ## - EDITION STATEMENT
Edition statement primera edición
260 ## - PUBLICATION, DISTRIBUTION, ETC. (IMPRINT)
Place of publication, distribution, etc México :
Name of publisher, distributor, etc Jus,
Date of publication, distribution, etc 1956.
300 ## - PHYSICAL DESCRIPTION
Extent xv, 362 p., ;
Other physical details il. ;
Dimensions 23 cm.
440 ## - SERIES STATEMENT/ADDED ENTRY--TITLE
Title Manual de historia de la iglesia, ;
Volume number/sequential designation v. 1.
650 ## - SUBJECT ADDED ENTRY--TOPICAL TERM
Topical term or geographic name as entry element Iglesia Católica
General subdivision Historia
650 ## - SUBJECT ADDED ENTRY--TOPICAL TERM
Topical term or geographic name as entry element Manual de historia de la iglesia
942 ## - ADDED ENTRY ELEMENTS (KOHA)
Source of classification or shelving scheme Biblioteca del Cogreso de los Estados Unidos
Koha item type Libro
Holdings
Estado de pérdida Fuente de clasificación Estado del daño No para préstamo Ubicación permanente Ubicación actual Apartado o colección Fecha de adquisición Edición Área del conocimiento Total Checkouts Clasificación Código de Barras Date last seen Número de copia Costo por reposición Tipo de recurso
  Biblioteca del Cogreso de los Estados Unidos   Consulta Biblioteca de la Facultad de Filosofía Biblioteca de la Facultad de Filosofía Fondo "Luis Villoro" 27/10/2021 1a ed. Educación y Humanidades   BR147.O43 O46 1956 BFF000035815 27/10/2021 C.1 1.00 Libro